000 00481nam a22001577a 4500
003 OSt
005 20140310181755.0
008 130629t xxu||||| |||| 00| 0 eng d
050 _aPL 6058.45
_b.M239 2002
082 _aFIL 899.211305
_bM29 200
245 _aMalate literary folio /
_cedited by Fransisco, Cyntha M., Pascual, Heidi R.
260 _aTaft Avenue, Manila :
_bDe La Salle University,
_c2002.
300 _a139 p. :
_bill. ;
_c22 cm.
942 _2lcc
_cBK
999 _c3394
_d3394